| 000 | 01361nam a2200349 a 4500 | ||
|---|---|---|---|
| 001 | ebr10158326 | ||
| 003 | CaPaEBR | ||
| 006 | m u | ||
| 007 | cr cn||||||||| | ||
| 008 | 000921s2003 maua sb 001 0 eng d | ||
| 010 | _z 00048541 | ||
| 020 | _z1568811438 (v. 3 : alk. paper) | ||
| 020 | _z9781568811437 | ||
| 040 |
_aCaPaEBR _cCaPaEBR |
||
| 035 | _a(OCoLC)614460993 | ||
| 050 | 1 | 4 |
_aQA95 _b.B446 2003eb |
| 082 | 0 | 4 |
_a793.7/4 _221 |
| 100 | 1 | _aBerlekamp, Elwyn R. | |
| 245 | 1 | 0 |
_aWinning ways for your mathematical plays. _nVol. 3 _h[electronic resource] / _cElwyn R. Berlekamp, John H. Conway, Richard K. Guy. |
| 250 | _a2nd ed. | ||
| 260 |
_aNatick, Mass. : _bA.K. Peters, _cc2003. |
||
| 300 |
_axxi, 461-801 p. : _bill. (some col.). |
||
| 490 | 0 | _aWinning ways for your mathematical plays | |
| 504 | _aIncludes bibliographical references and index. | ||
| 533 |
_aElectronic reproduction. _bPalo Alto, Calif. : _cebrary, _d2013. _nAvailable via World Wide Web. _nAccess may be limited to ebrary affiliated libraries. |
||
| 650 | 0 | _aMathematical recreations. | |
| 655 | 7 |
_aElectronic books. _2local |
|
| 700 | 1 | _aConway, John Horton. | |
| 700 | 1 | _aGuy, Richard K. | |
| 710 | 2 | _aebrary, Inc. | |
| 856 | 4 | 0 |
_uhttp://site.ebrary.com/lib/rucke/Doc?id=10158326 _zAn electronic book accessible through the World Wide Web; click to view |
| 999 |
_c134980 _d134980 |
||